| 000 | 00482nam a22001577a 4500 | ||
|---|---|---|---|
| 005 | 20231129131246.0 | ||
| 008 | 231129b |||||||| |||| 00| 0 eng d | ||
| 041 | _aEnglish | ||
| 082 | _a340.06 ACT | ||
| 100 | _lEnglish | ||
| 245 |
_aAct No.20 of 1916. Date of Commencement, 30th May, 1916 : _bThe Law Society of the Cape of Good Hope |
||
| 260 | _c1916 | ||
| 300 |
_b75 pages ; _c22,5 cm. |
||
| 650 |
_aLegal practice _bLaw |
||
| 942 |
_cBK _6ALISON_BN_VRIES |
||
| 999 |
_c1051 _d1051 |
||